Sporclers by Antonym II Quiz Stats

 Plays Quiz not verified by Sporcle

Support Sporcle.
Go Orange.
Score 0/18 Timer 04:00
0 Plays Today
% Correct
chair
96.9%
triplet_3
96.6%
survivor
96.3%
sultanofswing
96.3%
21forever
96%
ChargingTiger
95.3%
Stanford0008
95.3%
Quizmaster91
95%
Spacemaniac
94.4%
% Correct
needapausebutton
94.1%
dolebanana
94.1%
midlifecrisis
94.1%
teddy109768
94.1%
Usmcfunkymunky
93.5%
wasteoflawtime
92.8%
sproutcm
92.5%
wiggytitch
91.9%
brocko
91.9%

You're not logged in!

Compare scores with friends on all Sporcle quizzes.
OR
Log In

From the Vault

Opening Day Lineups: Blue Jays

by tk925

For the 2010 season, we look back on the last 20 years: Blue Jays Edition.
Remove Ads.
Support Sporcle.
Get the best of Sporcle when you Go Orange. This ad-free experience offers more features, more stats, and more fun while also helping to support Sporcle. Thank you for becoming a member.

Show Comments

Extras

Top Quizzes Today


Score Distribution

Your Account Isn't Verified!

In order to create a playlist on Sporcle, you need to verify the email address you used during registration. Go to your Sporcle Settings to finish the process.

Report this User

Report this user for behavior that violates our Community Guidelines.

Details: